[Event "AUTO-MASTER-2328"]
[Site "http://www.queenalice.com/game.php?id=1371370"]
[Date "2015.7.13"]
[Round "1"]
[White "solzhenitsyn"]
[Black "esdiniz"]
[Result "1-0"]
[WhiteElo "2108"]
[BlackElo "2000"]

1. e4 c5 2. Nf3 Nf6 3. Nc3 e6 4. d3 d5 5. exd5 exd5 6. Qe2+ Be7 7. Bg5 O-O 8. d4
Nc6 9. dxc5 Be6 10. Rd1 Qa5 11. Qb5 Qxb5 12. Nxb5 Bxc5 13. Bxf6 gxf6 14. Nc7
Rad8 15. c3 a6 16. Nxe6 fxe6 17. Bd3 Kg7 18. O-O Rh8 19. Bc2 h5 20. Rfe1 Kf7 21.
h3 b5 22. b4 Bb6 23. a3 d4 24. cxd4 Nxd4 25. Nxd4 Rxd4 26. Rxd4 Bxd4 27. Bb3 Re8
28. Bd1 Kg6 29. a4 Bc3 30. Bc2+ f5 31. Re3 Bxb4 32. axb5 axb5 33. Rb3 Bd2 34.
Rxb5 Kf6 35. Kf1 Bg5 36. Ke2 Rd8 37. Bd3 Rd6 38. Bc4 Rd2+ 39. Kf3 Rd4 40. Bb3
Rd3+ 41. Ke2 Rd2+ 42. Ke1 Rd4 43. Rb6 Re4+ 44. Kd1 Bh4 45. g3 Bg5 46. h4 Bh6 47.
Rd6 Bf8 48. Rd8 Bb4 49. Rh8 Re1+ 50. Kc2 Re2+ 51. Kd3 Rxf2 52. Rh6+ Kg7 53. Rxe6
Rf3+ 54. Kc4 Bc3 55. Re7+ Kg6 56. Re6+ 1-0

[Event "AUTO-MASTER-2375"]
[Site "http://www.queenalice.com/game.php?id=1389859"]
[Date "2015.10.19"]
[Round "1"]
[White "esdiniz"]
[Black "pizzaiolo72"]
[Result "0-1"]
[WhiteElo "2088"]
[BlackElo "2157"]

1. b4 e6 2. Bb2 Nf6 3. b5 a6 4. a4 axb5 5. axb5 Rxa1 6. Bxa1 c6 7. bxc6 bxc6 8.
c4 Be7 9. Nf3 O-O 10. g3 Ba6 11. d3 d5 12. cxd5 cxd5 13. Bg2 Nc6 14. O-O Qa5 15.
Bc3 Qb6 0-1

[Event "AUTO-MASTER-2375"]
[Site "http://www.queenalice.com/game.php?id=1389860"]
[Date "2015.10.19"]
[Round "1"]
[White "pizzaiolo72"]
[Black "esdiniz"]
[Result "1-0"]
[WhiteElo "2093"]
[BlackElo "2040"]

1. d4 Nf6 2. c4 e6 3. Nc3 Bb4 4. a3 Bxc3+ 5. bxc3 c5 6. Bg5 cxd4 7. cxd4 Qa5+ 8.
Bd2 Qc7 9. e3 O-O 10. Qc2 d5 11. Bd3 dxc4 12. Qxc4 Qxc4 13. Bxc4 Nc6 14. Nf3 Ne4
15. O-O Nxd2 16. Nxd2 Bd7 17. Rab1 b6 18. Rfc1 Na5 19. Ba2 Rac8 20. f4 Nc6 21.
h4 Ne7 22. e4 Ng6 23. g3 Rxc1+ 24. Rxc1 Rc8 25. Rxc8+ Bxc8 26. Bc4 Ne7 27. Kf2
Bb7 28. Ke3 Kf8 29. Nf3 h6 30. h5 Ke8 31. g4 Ng8 32. g5 Ke7 33. d5 1-0

[Event "AUTO-MASTER-2375"]
[Site "http://www.queenalice.com/game.php?id=1389861"]
[Date "2015.10.19"]
[Round "1"]
[White "esdiniz"]
[Black "Donyelko"]
[Result "1-0"]
[WhiteElo "2048"]
[BlackElo "2085"]

1. b4 e5 2. Bb2 d6 3. Nf3 e4 4. Nd4 a6 5. a4 d5 6. b5 axb5 7. axb5 Rxa1 8. Bxa1
c5 9. bxc6 bxc6 10. g3 c5 11. Nb3 Nf6 12. Bxf6 Qxf6 13. d3 Bb7 14. Bg2 Qe6 15.
e3 c4 16. Nd4 Qa6 17. dxe4 dxe4 18. O-O Bc5 19. Nc3 Qg6 20. Ndb5 O-O 21. Qe2 Qe6
22. Rd1 g6 23. Nd5 Bxd5 24. Nc7 Qc6 25. Nxd5 Ba3 26. Bxe4 Qc5 27. Rd4 Kg7 28.
Rxc4 Qb5 29. Qd3 Bb2 30. c3 Ba3 31. Qd4+ Kh6 32. Bd3 f5 33. Qh4+ Kg7 34. Rc7+
1-0

[Event "AUTO-MASTER-2375"]
[Site "http://www.queenalice.com/game.php?id=1389862"]
[Date "2015.10.19"]
[Round "1"]
[White "Donyelko"]
[Black "esdiniz"]
[Result "1/2-1/2"]
[WhiteElo "2068"]
[BlackElo "2065"]

1. d4 Nf6 2. c4 e6 3. Nc3 Bb4 4. a3 Bxc3+ 5. bxc3 c5 6. e3 Qa5 7. Qc2 O-O 8. Bd2
Nc6 9. Nf3 d5 10. cxd5 exd5 11. c4 Qc7 12. cxd5 Nxd5 13. Qxc5 Be6 14. Bd3 b6 15.
Qc2 h6 16. e4 Nf4 17. Bxf4 Qxf4 18. d5 Bxd5 19. exd5 Rfe8+ 20. Be2 Nd4 21. Nxd4
Qxd4 22. O-O Rac8 23. Qd3 Qb2 24. Bf3 Rc3 25. Qa6 Qb3 26. Qxa7 Rxf3 27. gxf3
Qxf3 28. Qxb6 Qg4+ 29. Kh1 Qf3+ 30. Kg1 Qg4+ 1/2-1/2

[Event "AUTO-MASTER-2375"]
[Site "http://www.queenalice.com/game.php?id=1389863"]
[Date "2015.10.19"]
[Round "1"]
[White "esdiniz"]
[Black "Lopesq"]
[Result "0-1"]
[WhiteElo "1984"]
[BlackElo "1885"]

1. b4 d5 2. Bb2 e6 3. Nf3 Bxb4 4. Bxg7 Be7 5. e3 Bf6 6. Bxh8 Bxh8 7. d4 c6 8. c4
dxc4 9. Bxc4 Nd7 10. Nbd2 h6 11. O-O Bf6 12. Ne4 Bg7 13. Rb1 Nb6 14. Bd3 Nd5 15.
Qb3 Bf8 16. Ne5 Bg7 17. Nc4 Kf8 18. Qd1 Ngf6 19. Nxf6 Nxf6 20. Qf3 Qd5 21. Qxd5
Nxd5 22. Nd6 Nb6 23. Bc2 Ke7 24. Ne4 Nc4 25. Rb4 Nb6 26. a4 Nd5 27. Rb3 f5 28.
Nc5 b6 29. Nd3 Bd7 30. Nb4 Nxb4 31. Rxb4 Rb8 32. Rfb1 Bf8 33. e4 Kf6 34. e5+ Kf7
0-1

[Event "AUTO-MASTER-2375"]
[Site "http://www.queenalice.com/game.php?id=1389864"]
[Date "2015.10.19"]
[Round "1"]
[White "Lopesq"]
[Black "esdiniz"]
[Result "1-0"]
[WhiteElo "1796"]
[BlackElo "2075"]

1. Nf3 Nf6 2. d4 e6 3. c3 d5 4. Bg5 c5 5. Bxf6 Qxf6 6. e3 Bd7 7. dxc5 Bxc5 8.
Nbd2 Nc6 9. Be2 O-O 10. a4 e5 11. O-O a5 12. Nb3 Qd6 13. Nxc5 Qxc5 14. h3 Bf5
15. Qb3 Rab8 16. Bb5 e4 17. Nd4 Nxd4 18. cxd4 Qd6 19. Rac1 Rfc8 20. Qd1 Bd7 21.
Rxc8+ Rxc8 22. Bxd7 Qxd7 23. b3 Rc3 24. Re1 Qc6 25. g3 Qb6 26. Qg4 1-0

[Event "AUTO-MASTER-2328"]
[Site "http://www.queenalice.com/game.php?id=1410134"]
[Date "2016.2.20"]
[Round "2"]
[White "esdiniz"]
[Black "solzhenitsyn"]
[Result "1-0"]
[WhiteElo "1966"]
[BlackElo "2073"]

1. b4 Nf6 2. Bb2 e6 3. b5 b6 4. Nf3 Bb7 5. g3 Bc5 6. Bg2 O-O 7. O-O d5 8. d3 d4
9. c4 Nbd7 10. Nbd2 Re8 11. Nxd4 Bxg2 12. Kxg2 Bxd4 13. Bxd4 e5 14. Bb2 Nc5 15.
Qc2 Qd6 16. Ba3 Qe6 17. Bxc5 bxc5 18. Nb3 Nd7 19. Na5 Nb6 20. Nc6 a6 21. a4 Nd7
22. Qc3 e4 23. d4 axb5 24. axb5 Rxa1 25. Rxa1 e3 26. Qxe3 Qxe3 27. fxe3 h6 28.
Kf3 cxd4 29. exd4 Nf6 30. Ne5 Nh7 31. h4 1-0

[Event "AUTO-MASTER-2328"]
[Site "http://www.queenalice.com/game.php?id=1410135"]
[Date "2016.2.20"]
[Round "2"]
[White "solzhenitsyn"]
[Black "esdiniz"]
[Result "1-0"]
[WhiteElo "2167"]
[BlackElo "1911"]

1. d4 Nf6 2. c4 c5 3. d5 g6 4. Nf3 Bg7 5. Nc3 O-O 6. Bg5 d6 7. Qc2 a6 8. e3 Qa5
9. Bd3 Bd7 10. O-O b5 11. b3 h6 12. Bh4 Re8 13. Rfe1 Ng4 14. Rac1 Qxc3 15. Qxc3
Bxc3 16. Rxc3 b4 17. Rcc1 a5 18. h3 Nf6 19. Bxf6 exf6 20. Nd2 f5 21. e4 f4 22.
Nf3 f6 23. Nh4 g5 24. Nf3 Na6 25. Kh2 Nc7 26. Ra1 a4 27. Nd2 axb3 28. axb3 Rxa1
29. Rxa1 Ra8 30. Rxa8+ Nxa8 31. f3 Kf8 32. g4 fxg3+ 33. Kxg3 Nb6 34. h4 Nc8 35.
hxg5 hxg5 36. f4 gxf4+ 37. Kxf4 Kf7 38. Nf3 Ne7 39. Nh4 1-0

[Event "AUTO-MASTER-2328"]
[Site "http://www.queenalice.com/game.php?id=1410136"]
[Date "2016.2.20"]
[Round "2"]
[White "esdiniz"]
[Black "Martacxg"]
[Result "0-1"]
[WhiteElo "1987"]
[BlackElo "2276"]

1. b4 d5 2. Bb2 Bf5 3. Nf3 e6 4. g3 Bxb4 5. Bxg7 Be7 6. Bxh8 f6 7. Bg2 Kf7 8.
O-O Nh6 9. d3 Qxh8 10. Nbd2 Nd7 11. Rb1 b6 12. c4 c6 13. cxd5 cxd5 14. e4 dxe4
15. dxe4 Bg4 16. Qa4 Nc5 17. Qd4 Rd8 18. Qe3 Ng8 19. Nb3 Nxb3 20. Rxb3 Bc5 21.
Qf4 Bxf3 22. Bxf3 Ne7 23. Bh5+ Ng6 24. Qc7+ Be7 25. Qxa7 Rd6 26. Rxb6 Rxb6 27.
Qxb6 Qa8 28. Qe3 Kg7 29. Bxg6 hxg6 30. Ra1 Ba3 0-1

[Event "AUTO-MASTER-2328"]
[Site "http://www.queenalice.com/game.php?id=1410137"]
[Date "2016.2.20"]
[Round "2"]
[White "Martacxg"]
[Black "esdiniz"]
[Result "1-0"]
[WhiteElo "2279"]
[BlackElo "1983"]

1. d4 Nf6 2. c4 c5 3. dxc5 g6 4. Nf3 Bg7 5. e3 O-O 6. Nc3 Qa5 7. Bd2 Qxc5 8. Be2
d6 9. O-O Na6 10. a3 Bd7 11. b4 Qc7 12. Rc1 b6 13. Nd5 Nxd5 14. cxd5 Qb7 15. Bc3
Bxc3 16. Rxc3 Rac8 17. Rxc8 Rxc8 18. Qd3 Nc7 19. e4 Bb5 20. Qe3 Bxe2 21. Qxe2
Ne8 22. Nd4 Nf6 23. Nc6 Kf8 24. b5 Nd7 25. f4 Nb8 26. f5 1-0

[Event "AUTO-MASTER-2328"]
[Site "http://www.queenalice.com/game.php?id=1410138"]
[Date "2016.2.20"]
[Round "2"]
[White "esdiniz"]
[Black "dadge"]
[Result "1-0"]
[WhiteElo "1964"]
[BlackElo "2148"]

1. b4 d5 2. Bb2 c6 3. c4 dxc4 4. Qc2 b5 5. Nf3 Nf6 6. Bxf6 exf6 7. a4 Bxb4 8.
axb5 cxb5 9. Qe4+ Be6 10. Qxa8 O-O 11. Qxa7 Nc6 12. Qb7 Nd4 13. Qe4 Nxf3+ 14.
gxf3 Re8 15. Nc3 f5 16. Qc2 Qd4 17. Rb1 Qc5 18. Qb2 Bxc3 19. Qxc3 Bd5 20. Bg2
Qe7 21. e3 Qd7 22. O-O Qc6 23. Qd4 1-0

[Event "AUTO-MASTER-2328"]
[Site "http://www.queenalice.com/game.php?id=1410139"]
[Date "2016.2.20"]
[Round "2"]
[White "dadge"]
[Black "esdiniz"]
[Result "1-0"]
[WhiteElo "2055"]
[BlackElo "1979"]

1. e4 c5 2. Nf3 Nf6 3. Nc3 e6 4. d4 cxd4 5. Nxd4 a6 6. Be2 Bb4 7. f3 Nc6 8. Nxc6
bxc6 9. Bd2 O-O 10. O-O Qb6+ 11. Kh1 Be7 12. b3 d5 13. e5 Nd7 14. f4 a5 15. Na4
Qc7 16. c4 Nc5 17. Nb2 d4 18. Bf3 Bb7 19. Be1 Rfd8 20. Nd3 Nxd3 21. Qxd3 c5 22.
Bd2 Bxf3 23. Rxf3 a4 24. Raf1 axb3 25. axb3 Ra2 26. Be1 Rda8 27. Bg3 g6 28. h3
Qb7 29. R3f2 Rxf2 30. Rxf2 Ra3 31. Rb2 1-0

[Event "AUTO-MASTER-2475"]
[Site "http://www.queenalice.com/game.php?id=1426839"]
[Date "2016.6.8"]
[Round "1"]
[White "esdiniz"]
[Black "SubRoger"]
[Result "0-1"]
[WhiteElo "1973"]
[BlackElo "2042"]

1. b4 d5 2. Bb2 e6 3. Nf3 f5 4. g3 Nf6 5. b5 Bd6 6. Bg2 O-O 7. O-O Qe7 8. c4 c6
9. a4 Nbd7 10. d3 c5 11. Nbd2 d4 12. e3 dxe3 13. fxe3 Ng4 14. Qe2 b6 0-1

[Event "AUTO-MASTER-2475"]
[Site "http://www.queenalice.com/game.php?id=1426840"]
[Date "2016.6.8"]
[Round "1"]
[White "SubRoger"]
[Black "esdiniz"]
[Result "1-0"]
[WhiteElo "2062"]
[BlackElo "1986"]

1. e4 c5 2. Nf3 Nf6 3. Nc3 e6 4. Be2 Nc6 5. O-O Be7 6. d3 O-O 7. Bg5 h6 8. Bh4
a6 9. Nd2 b5 10. f4 Bb7 11. Bf3 Qb6 12. Bf2 1-0

[Event "AUTO-MASTER-2475"]
[Site "http://www.queenalice.com/game.php?id=1426841"]
[Date "2016.6.8"]
[Round "1"]
[White "esdiniz"]
[Black "sia"]
[Result "0-1"]
[WhiteElo "1947"]
[BlackElo "2036"]

1. b4 e6 2. Bb2 Nc6 3. b5 Nce7 4. g3 d6 5. Bg2 d5 6. Nf3 Nf6 7. O-O a6 8. a4
axb5 9. axb5 Rxa1 10. Bxa1 Nf5 11. d3 Bc5 12. Nbd2 Bd7 13. e4 dxe4 14. dxe4 Nd6
15. e5 Bxb5 0-1

[Event "AUTO-MASTER-2475"]
[Site "http://www.queenalice.com/game.php?id=1426842"]
[Date "2016.6.8"]
[Round "1"]
[White "sia"]
[Black "esdiniz"]
[Result "1-0"]
[WhiteElo "2023"]
[BlackElo "1960"]

1. g3 f5 2. Bg2 Nf6 3. Nf3 g6 4. O-O Bg7 5. c3 O-O 6. d4 c6 7. Nbd2 d6 8. Nc4
Qe8 9. Ng5 b5 10. Na3 h6 11. Nh3 e6 12. Nxb5 cxb5 13. Bxa8 d5 14. Nf4 Na6 15. a4
1-0

[Event "AUTO-MASTER-2475"]
[Site "http://www.queenalice.com/game.php?id=1426843"]
[Date "2016.6.8"]
[Round "1"]
[White "esdiniz"]
[Black "Donyelko"]
[Result "0-1"]
[WhiteElo "1923"]
[BlackElo "2035"]

1. b4 e5 2. Bb2 d6 3. g3 Nf6 4. Bg2 c6 5. c4 Be7 6. Nf3 Be6 7. Qc2 O-O 8. O-O
Nbd7 9. d3 Rc8 10. Nbd2 h6 11. d4 exd4 12. Nxd4 Bg4 13. N2f3 c5 14. bxc5 dxc5
15. Nb5 a6 0-1

[Event "AUTO-MASTER-2475"]
[Site "http://www.queenalice.com/game.php?id=1426844"]
[Date "2016.6.8"]
[Round "1"]
[White "Donyelko"]
[Black "esdiniz"]
[Result "1-0"]
[WhiteElo "2023"]
[BlackElo "1935"]

1. d4 f5 2. c4 Nf6 3. Nc3 g6 4. Bg5 Bg7 5. g3 O-O 6. Bxf6 Bxf6 7. Bg2 c6 8. Nf3
d6 9. O-O Qe8 10. Re1 Qf7 11. b3 Na6 12. Rc1 Nc7 13. Qd2 e5 14. dxe5 dxe5 15.
Ng5 Bxg5 16. Qxg5 Ne6 17. Qe3 Nd4 18. Qxe5 1-0